1811 1760 1950 1809 1559 1743 1750 1380 1748 1089 1084 1782 1526 1619 1171 1929 1746 1875 1854 1007 1667 1803 1048 1013 1062 1894 1487 1070 1334 1020 1627 1487 1637 1067 1045 1903 1827 1127 1888 1672 1244 1096 1240 1744 1856 1080 1713 1856 1930 1840 2000 1687 1446 1701 1956 1283 1938 1932 1546 1753 1440 1884 1402 1502 1664 1307 1082 1488 1808 1863 1561 1965 1525 1676 1571 1472 1262 1163 1095 1997 1006 1421 1296 1618 1098 1869 1625 1158 1728 1220 1263 1310 1047 1190 1139 1902 1490 1235 1233 BCNSPRNW ULIB Ver.6.0+V

เปลี่ยนเป็นภาษาไทย

Change to English
 แสดงรายละเอียดบรรณานุกรม
  กลับหน้าหลัก

Brief Record : Get Marc (ISO 2709) : E-mail record : QR code < ปิดหน้าต่าง
LEADER : 00000nam 2200000uu 4500
001    13399108269
003     ULIB
008    110225s2551||||th 000 0 tha d
020    9789744990468
060 04 WI101^bข129อ 2551
245 00 อวัยวะในช่องท้องและอุ้งเชิงกราน :^bพื้นฐานทางการแพทย์ =The abdominopelvic organs : basic medical approach /^cบรรณาธิการ, ขจร ลักษณ์ชยปกรณ์ ; คณะผู้นิพนธ์, ขจร ลักษณ์ชยปกรณ์ ... [และคนอื่นๆ]
246 31 The abdominopelvic organs :^bbasic medical approach
250    พิมพ์ครั้งที่ 1
260    กรุงเทพฯ :^bสำนักพิมพ์มหาวิทยาลัยธรรมศาสตร์,^c2551
300    [11], 544 หน้า :^bภาพประกอบ ;^c26 ซม.
650  7 ช่องท้อง^xกายวิภาค
650  7 เชิงกราน^xกายวิภาค
650  7 ช่องท้อง^xกายวิภาคศาสตร์และมิญชวิทยา
650  7 เชิงกราน^xกายวิภาคศาสตร์และมิญชวิทยา
700 0  ขจร ลักษณ์ชยปกรณ์,^eบรรณาธิการ
945    ^p590^l0^i026202
945    ^p590^l0^i026201
945    ^p590^l0^i029174
995    ทศพร
999 ^a ใช้งานได้ทุกระบบ
รายการนี้ยังไม่มีแท็ก
คุณยังไม่ได้ล็อกอิน คุณสามารถมีกิจกรรมร่วมกับเว็บไซต์ได้ แต่ต้องล็อกอินก่อน ::
  ล็อกอิน

รายการสื่อสารสนเทศ

ลำดับที่ ประเภท เลขเรียก/บาร์โค้ด สถานที่ สถานะ
- ไม่พบข้อมูล -

BibComment


ยังไม่เคยถูกคอมเมนท์

คอมเมนท์ทรัพยากรรายการนี้
  คอมเมนท์: อวัยวะในช่องท้องแ..


 Copyright 2026. Bcnsprnw @Library